| 000 | 00373nam a2200133Ia 4500 | ||
|---|---|---|---|
| 008 | 231017s9999 xx 000 0 und d | ||
| 082 | _a620.1 | ||
| 082 | _bTRU | ||
| 245 | 0 | _aLinking Laboratory and in Situ Activation Analysis of Rock-forming Elements using a 14 MeV Neutron Source | |
| 245 | 0 | _cJerome TRUAX | |
| 260 | _bJerome TRUAX | ||
| 300 | _c30cm | ||
| 942 | _cREP | ||
| 999 |
_c603910 _d603910 |
||